| 000 | 01319cam a2200325 4500 | ||
|---|---|---|---|
| 001 | 13418 | ||
| 003 | BD-RjUL | ||
| 005 | 20211208235442.0 | ||
| 008 | 140201s1961 dcuab b 101 0 eng d | ||
| 035 | _a(OCoLC)ocm00825356 | ||
| 035 | _a(BD-RjUL)13469 | ||
| 040 |
_aDLC _cWOO _dOCL _dWSU _dNLM _dZCH _dBD-RjUL _beng |
||
| 041 | _aeng | ||
| 082 | 0 | 0 |
_a636.082 _bAMG 1961 |
| 110 | 2 |
_aAmerican Association for the Advancement of Science. _bSection on Agriculture. _941839 |
|
| 245 | 1 | 0 |
_aGerm plasm resources : _ba symposium presented at the Chicago meeting of the American Association for the Advancement of Science, 28-31 December, 1959. _cEdited by Ralph E. Hodgson. |
| 260 |
_aWashington : _bAmerican Association for the Advancement of Science, _c1961. |
||
| 300 |
_axii, 381 p. : _billus., maps, diagrs. _c24 cm. |
||
| 490 | 1 |
_aAmerican Association for the Advancement of Science. Publication _vno. 66 |
|
| 504 | _aIncludes bibliographies and index. | ||
| 650 | 0 |
_aBreeding. _941827 |
|
| 650 | 2 |
_aGenetics _vCongresses. _941828 |
|
| 650 | 2 |
_aBreeding _vCongresses. _938490 |
|
| 830 | 0 |
_vno. 66. _941840 |
|
| 700 | 1 |
_aHodgson, Ralph E. _eeditor. _941830 |
|
| 830 | 0 |
_aPublication (American Association for the Advancement of Science) ; _941841 |
|
| 942 |
_2ddc _cBK |
||
| 999 |
_c13418 _d13418 |
||